000 01320nam a2200349Ia 4500
001 Z_6756
003 CHAP
005 20230721134128.0
008 220113s2014 xx 000 0 und d
010 _a170032
040 _cCHAP
090 _aTesis T67 2433
100 _aTorres Hernández, Yanira
_9128789
245 _aDeterminación de brechas tecnológicas en la producción ovina en el Municipio de San José del Rincón, Estado de México /
_cYanira Torres Hernández y Juan Lozano Lázaro
260 _aMéxico :
_bEl autor,
_c2014
300 _a65 p
502 _aTesis (Ingeniero Agrónomo Especialista en Zootecnia) -- UACh, 2014 \ Dirección: Hermilo Suárez Domínguez; asesoría: Luis Antonio Saavedra Jiménez y Silvia Larios Cueto
650 _aBrecha tecnológica
_9145213
650 _aGanado ovino
_9139065
650 _aManual
_9145842
650 _aProceso de producción
_9145843
700 _a Larios Cueto, Silvia, asesor
_9145844
700 _a Saavedra Jiménez, Luis Antonio, asesor
_9145259
700 _a Suárez Domínguez, Hermilo, director
700 _aLozano Lazaro, Juan, coaut.
_9145845
856 4 2 _uhttp://10.13.5.2/tesis/sist111012.pdf
_yDescargar PDF
901 _aTESIS T67 2433
902 _aA
910 _a2014
942 _c2
_2ddc
942 _c2
_2ddc
999 _c170032
_d170032